| 000 | 00520nam a2200169Ia 4500 | ||
|---|---|---|---|
| 008 | 260520s2025 xx 000 0 und d | ||
| 020 | _a978-93-47457-61-6 | ||
| 041 | _amar | ||
| 082 | _a891.463/HOG | ||
| 100 | _aहोगाडे, विनायक | ||
| 245 | _aविठोबा मिसिंग रन पंढरपूर | ||
| 250 | _a1st ed | ||
| 260 |
_aपुणे _bमधुश्री प्रकाशन, _c2025 |
||
| 300 | _a367p. | ||
| 500 | _aCat No: 15010 | ||
| 650 | _aMARATHI FICTION | ||
| 999 |
_c1221816 _d1221816 |
||